Marketing Strategy and Management/ (Record no. 14922)

000 -LEADER
fixed length control field 00498nam a22001577a 4500
008 - FIXED-LENGTH DATA ELEMENTS--GENERAL INFORMATION
fixed length control field 161011b xxu||||| |||| 00| 0 eng d
020 ## - INTERNATIONAL STANDARD BOOK NUMBER
International Standard Book Number 0333576438
050 ## - LIBRARY OF CONGRESS CALL NUMBER
Classification number HF 5415.13 .B27 2000
100 ## - MAIN ENTRY--PERSONAL NAME
Personal name Baker, Michael J.
Dates associated with a name 2000
245 ## - TITLE STATEMENT
Title Marketing Strategy and Management/
Statement of responsibility, etc. Michael J. Baker
250 ## - EDITION STATEMENT
Edition statement 2rd ed
260 ## - PUBLICATION, DISTRIBUTION, ETC. (IMPRINT)
Place of publication, distribution, etc. London:
Name of publisher, distributor, etc. Macmillan,
Date of publication, distribution, etc. 2000.
300 ## - PHYSICAL DESCRIPTION
Extent xxv,560p.:
Other physical details ill.;
521 ## - TARGET AUDIENCE NOTE
Target audience note Includes References and Index.
942 ## - ADDED ENTRY ELEMENTS (KOHA)
Source of classification or shelving scheme
Koha item type Hard Covered Materials
Classification part HF 5415.13 .B27 2000
Holdings
Withdrawn status Lost status Source of classification or shelving scheme Damaged status Not for loan Home library Current library Shelving location Date acquired Source of acquisition Total Checkouts Full call number Barcode Date last seen Price effective from Koha item type
          MACHAKOS UNIVERSITY LIBRARY MACHAKOS UNIVERSITY LIBRARY Technical section 11/10/2016 Donation (BFA)   HF 5415.13 .B27 2000 1677 05/07/2018 11/10/2016 Hard Covered Materials
© Machakos University Library, Along The Highway, Machakos Wote Rd, Machakos, Kenya P.O. Box 136 - 90100 Machakos - Kenya

Tel: ( +254 ) 723 805829 OR Fax : 044-20353 OR Email: library@mksu.ac.ke